प्रेमचंद की सर्वश्रेष्ठ कहानियाँ (Record no. 1256014)

MARC details
000 -LEADER
fixed length control field 00948nam a2200193Ia 4500
008 - FIXED-LENGTH DATA ELEMENTS--GENERAL INFORMATION
fixed length control field 151121s9999||||xx |||||||||||||| ||und||
082 ## - DEWEY DECIMAL CLASSIFICATION NUMBER
Classification number 833-/प्रेमचं
082 ## - DEWEY DECIMAL CLASSIFICATION NUMBER
Item number HNW-74564
100 ## - MAIN ENTRY--PERSONAL NAME
Personal name अग्रवाल बलराम-संपा। (प्रेमचंद)
245 ## - TITLE STATEMENT
Title प्रेमचंद की सर्वश्रेष्ठ कहानियाँ
260 ## - PUBLICATION, DISTRIBUTION, ETC. (IMPRINT)
Name of publisher, distributor, etc "साक्षी प्रकाशन , दिल्ली।"
260 ## - PUBLICATION, DISTRIBUTION, ETC. (IMPRINT)
Date of publication, distribution, etc --
300 ## - PHYSICAL DESCRIPTION
Extent 176
600 ## - SUBJECT ADDED ENTRY--PERSONAL NAME
Personal name अग्रवाल बलराम-संपा। (प्रेमचंद)
630 ## - SUBJECT ADDED ENTRY--UNIFORM TITLE
Uniform title प्रेमचंद की सर्वश्रेष्ठ कहानियाँ
700 ## - ADDED ENTRY--PERSONAL NAME
Personal name अग्रवाल बलराम-संपा। (प्रेमचंद)
730 ## - ADDED ENTRY--UNIFORM TITLE
Uniform title प्रेमचंद की सर्वश्रेष्ठ कहानियाँ
942 ## - ADDED ENTRY ELEMENTS (KOHA)
Koha item type Book
Holdings
Withdrawn status Lost status Damaged status Not for loan Home library Current library Date acquired Cost, normal purchase price Total Checkouts Full call number Barcode Date last seen Cost, replacement price Price effective from Koha item type
        Hirachand Nemchand Wachanalaya, Solapur Hirachand Nemchand Wachanalaya, Solapur 11/21/2015 150.00   HNW-74564 HNW-74564 11/21/2015 150.00 11/21/2015 Book